Fortran 77. Ständig im Griff /

Salvato in:
Dettagli Bibliografici
Autore principale: Brauer, Klaus (Autore)
Natura: Libro
Pubblicazione: Heidelberg : Dr. Alfred Hüthig Verlag, 1988
Tags: Aggiungi Tag
Nessun Tag, puoi essere il primo ad aggiungerne!!

MARC

LEADER 00000nam a22000003a 4500
001 stu47232
005 20150617225710.8
008 ------s1988----gw----------------------d
040 |a STU  |b slo 
041 0
044 |a gw 
080 |a 681.3.066 
100 1 |a Brauer, Klaus  |4 aut 
245 1 |a Fortran 77. Ständig im Griff /  |c [aut.] Brauer,Klaus 
260 |a Heidelberg :  |b Dr. Alfred Hüthig Verlag,  |c 1988 
300 |a 147 s 
996 |b J86470  |c J*86470/›D  |l JJST  |s P  |a 0  |w stu47232_0001